[Event "20th Iraklio Open 2017"]
[Site "Athens"]
[Date "2017.06.19"]
[Round "3"]
[White "Sonis, Francesco"]
[Black "Katopodis, Dimitrios"]
[Result "1/2-1/2"]
[WhiteElo "2450"]
[BlackElo "2169"]
[Annotator "TA"]
[PlyCount "103"]
[EventDate "2017.??.??"]
[EventType "swiss"]
[EventCountry "GRE"]
[SourceTitle "playchess.com"]
[Source "ChessBase"]
[SourceQuality "1"]

{[%evp 11,103,13,12,3,3,-20,-7,-14,7,-25,-16,-19,-14,-21,0,0,61,60,53,55,63,41,43,35,30,37,38,49,39,40,42,43,60,26,25,27,28,25,22,14,26,-14,20,18,41,31,27,21,61,57,89,47,39,0,62,30,65,72,123,97,87,25,22,0,0,0,22,-16,-10,0,0,-25,0,0,0,0,0,0,0,0,0,0,0,-171,-145,-174,-174,-174,-174,-174,-174,-241,-232,-341]} 1. c4 c6 2. Nf3 d5 3. g3 Bg4 4. Bg2 e6 5. Qb3 Qb6 6. Nc3 {A11: English Opening: 1...c6} Nf6 {LiveBook: 4 Games} 7. d3 Nbd7 8. cxd5 $146 {The position is equal.} ({Predecessor:} 8. O-O Be7 9. Be3 Qxb3 10. axb3 a6 11. h3 Bh5 12. g4 Bg6 13. Bf4 h6 {0-1 (75) Nepomniachtchi,I (2730)-Movsesian,S (2672) Dubai 2014}) 8... Qxb3 9. axb3 {aiming for dxc6.} exd5 10. Be3 Bc5 {Threatens to win with ...Bxf3.} 11. Nd4 O-O 12. h3 Be6 13. O-O Bxd4 ({Black should play} 13... Rfe8 $11) 14. Bxd4 $14 c5 15. Bxf6 $1 Nxf6 16. Rfc1 (16. f4 $5 {[%cal Rf4f5]}) 16... b6 $1 17. g4 Rfd8 18. f4 h6 19. d4 cxd4 20. Nb5 a5 21. Nxd4 Rdc8 22. Rd1 (22. b4 $5) 22... Bd7 23. Kf2 Re8 24. Rac1 Rac8 25. Rc2 Rc5 26. Rcd2 Rec8 (26... h5 {keeps more tension.} 27. gxh5 Nxh5 28. e3 Nf6 29. Ne2 Bf5) 27. e3 Ne4+ 28. Bxe4 $1 dxe4 29. Kg3 Kf8 30. f5 (30. b4 $5 Rc4 31. bxa5 $14) 30... Bb5 31. Kf4 (31. Nxb5 Rxb5 32. Re2 Rxb3 $11) 31... Bd3 32. h4 Ke7 (32... Rc1 $11) 33. Rh1 Rc1 34. Rdd1 $1 {[%cal Rd1c1]} Rxd1 (34... R1c5 $142) 35. Rxd1 $16 {[%mdl 4096] Endgame KRB-KRN} Kd6 36. Nb5+ (36. g5 $16) 36... Ke7 $11 37. Nc3 Rc5 38. Ra1 Bc2 39. Ra4 (39. b4 $5 axb4 40. Ra7+ (40. Nxe4 Rc4 $15) 40... Ke8 41. Ra8+ (41. Nxe4 Rc4 $17) 41... Ke7 42. Ra7+ (42. Nxe4 Rc4 $17) 42... Ke8 43. Ne2 $11 (43. Nxe4 Rc4 $17)) 39... Bxb3 40. Rxe4+ Kd7 41. Rd4+ Ke7 42. e4 b5 {[%cal Bb6b5,Bb5b4][%mdl 32] White must now prevent ...b4.} 43. e5 b4 44. Ne4 {Threatening mate with f6+.} Rd5 $1 {[%cal Rd5d4]} 45. Rxd5 $1 Bxd5 {KB-KN} 46. Nc5 $1 Bc6 {...a4 is the strong threat.} 47. g5 $2 (47. b3 $11 {and White is okay.}) 47... hxg5+ {Black is clearly better.} 48. hxg5 {[#]} a4 $1 49. f6+ gxf6 50. gxf6+ Ke8 51. e6 {[#]} (51. Ke3 {keeps fighting.}) 51... fxe6 $1 $19 52. Ke5 {[%mdl 32768] Precision: White = 56%, Black = 60%. . An unexpected result.} 1/2-1/2

[Event "20th Iraklio Open 2017"]
[Site "Athens"]
[Date "2017.06.19"]
[Round "3"]
[White "Kotrotsos, Vasilios"]
[Black "Loutragotis, Dimitrios"]
[Result "0-1"]
[WhiteElo "2269"]
[BlackElo "2143"]
[Annotator "TA"]
[PlyCount "43"]
[EventDate "2017.??.??"]
[EventType "swiss"]
[EventCountry "GRE"]
[SourceTitle "playchess.com"]
[Source "ChessBase"]
[SourceQuality "1"]

{[%evp 9,43,26,35,0,93,85,105,114,102,65,83,51,98,37,42,27,45,31,55,19,65,48,555,22,782,65,87,86,758,149,704,0,338,-95,-29,-31]} 1. f4 e5 2. fxe5 d6 3. exd6 Bxd6 4. Nf3 Nf6 5. d4 Ng4 {[#] aiming for ...Bxh2!} 6. Qd3 {A02: Bird's Opening} Qe7 (6... c5 $1 $11 {keeps the balance.}) (6... c5 7. Qe4+ Kf8 8. d5 Na6 9. a3 Qc7 10. Qd3 c4 11. Qd4 Bc5 12. Qf4 Bf2+ 13. Kd1 Bc5 {0-1 (55) Rhodes,J (2413)-Ponomarev,A (2488) ICCF email 2008}) 7. Nc3 $16 {[%cal Bb1c3,Bc3d5,Bd5f4][%mdl 32]} Nc6 8. Nd5 $146 {White is better.} ({Predecessor:} 8. a3 O-O 9. Ng5 g6 10. Nd5 Qd8 11. e4 h6 12. Nf3 Re8 13. Ne3 Nxh2 14. Nxh2 {½-½ (44) Incedi,A (2162)-Sikora Lerch,J (2310) Czechia 2007}) 8... Qe6 9. Nf4 (9. e4 {looks sharper.} O-O 10. Be2 h6 11. Nc3 Nb4 12. Qd1) 9... Qe7 10. c3 (10. a3 {feels hotter.} Nf6 11. g3 Bg4 12. Bg2 O-O-O 13. O-O) 10... Nf6 11. Qe3 (11. g3 $16) 11... Qxe3 $14 12. Bxe3 Bf5 13. Bd2 O-O-O 14. e3 Rhe8 {[#] ...Bxf4 is the strong threat.} 15. Bd3 Ng4 $2 {[%mdl 8192]} ({Black should play} 15... Bxd3 $14 16. Nxd3 Ng4) 16. Ke2 $2 (16. Bxf5+ $18 Kb8 17. Bxg4 Bxf4 18. Kf2) 16... Re7 $2 {[%mdl 8192]} (16... Ne7 $11) 17. h3 $2 (17. Bxf5+ $18 Kb8 18. Nd5) 17... Nxe3 18. Bxe3 Rde8 $2 {[%mdl 8192]} (18... Bxf4 $16 19. Bxf5+ Kb8) 19. Ne5 $2 (19. Bxf5+ $18 {and the rest is easy.} Kb8 20. Nd5) 19... f6 $2 {[%mdl 8192]} (19... Bxd3+ $16 20. Kxd3 (20. Nfxd3 f6 $16) 20... Bxe5) 20. Rad1 $2 ({Only move:} 20. Bxf5+ $18 Kd8 21. Ne6+ Rxe6 22. Bxe6 Bxe5 23. Bf7) 20... fxe5 $4 {[%mdl 8192]} (20... Bxd3+ $11 {and Black has nothing to worry.} 21. Nfxd3 (21. Kxd3 fxe5 22. Nd5 Rd7 $17) 21... fxe5) 21. d5 $2 (21. Bxf5+ $18 Kb8 22. Nd5 exd4 23. cxd4 Rxe3+ 24. Nxe3) 21... Nd4+ (21... exf4 $17 22. Bxf5+ Kb8 23. dxc6 Rxe3+ 24. Kd2 Re2+ 25. Kc1 Rxg2) 22. Kd2 {Precision: White = 29%, Black = 12%.} 0-1

[Event "20th Iraklio Open 2017"]
[Site "Athens"]
[Date "2017.06.19"]
[Round "3"]
[White "Skaperdas, Kostantinos"]
[Black "Nikolaidis, Ioannis"]
[Result "0-1"]
[WhiteElo "2191"]
[BlackElo "2561"]
[Annotator "TA"]
[PlyCount "110"]
[EventDate "2017.??.??"]
[EventType "swiss"]
[EventCountry "GRE"]
[SourceTitle "playchess.com"]
[Source "ChessBase"]
[SourceQuality "1"]

{[%evp 9,110,22,36,21,21,21,21,21,12,12,35,18,37,42,42,37,32,26,52,28,74,25,27,36,46,0,10,0,12,-26,-17,-91,-12,-26,0,0,0,-26,-26,-56,-29,-35,-35,-90,-80,-99,-85,-103,-98,-96,-96,-91,-70,-80,-64,-124,-105,-89,-89,-84,-97,-262,-250,-303,-302,-406,-294,-465,-463,-461,-451,-450,-287,-523,-523,-647,-643,-1705,-1660,-1541,-1472,-1339,-1071,-1193,-1302,-1352,-1086,-1104,0,-1139,-735,-714,-729,-679,-526,-1820,-1783,-1586,-1569,-1735,-1685,-1980,-1036]} 1. e4 c6 2. d4 d5 3. e5 Bf5 4. h4 h6 5. g4 Bd7 6. Nc3 {B12: Caro-Kann: Advance Variation} (6. Be3 Qb6 7. Nd2 e6 8. Nb3 Na6 9. h5 c5 10. dxc5 Nxc5 11. Nf3 Qc7 12. c3 b6 13. Nbd4 a6 {½-½ (56) Nepomniachtchi,I (2767)-Dreev,A (2652) Doha 2016}) 6... Qc8 7. Be2 e6 8. Be3 {The position is equal.} c5 9. Nf3 a6 10. h5 $146 ({Predecessor:} 10. a3 b6 11. h5 Ne7 12. Nh4 Nec6 13. Nf3 cxd4 14. Bxd4 {0-1 (48) Cigan,J (2100)-Dreev,A (2651) chess.com INT 2017}) 10... cxd4 11. Nxd4 Bb4 12. Qd2 Nc6 13. f4 Nxd4 14. Qxd4 Bxc3+ 15. bxc3 Bb5 16. Bd3 Ne7 17. O-O g6 18. hxg6 fxg6 19. Bxb5+ axb5 20. a4 {[#]} (20. Qd3 $11 {remains equal.}) 20... bxa4 ({Better is} 20... h5 $1 $17 21. gxh5 Nf5) 21. Rxa4 $11 Rxa4 22. Qxa4+ Kf7 {And now ...h5 would win.} 23. Bd4 h5 24. g5 Rd8 25. Rb1 Rd7 26. Rb6 (26. Ra1 $15) 26... Rc7 27. Qb5 Qa8 28. Qb2 Nf5 29. Bf2 Qc8 30. Qb4 Ne7 ({Avoid the trap} 30... Rxc3 $2 31. Rxb7+ Rc7 32. Rb8 $18) 31. Qb5 Qa8 ({Much weaker is} 31... Rxc3 32. Rxb7 Rc7 33. Rb8 $11) 32. Kg2 (32. Qb1 $15) 32... Nc8 $17 33. Rd6 ({Don't blunder} 33. f5 $2 Nxb6 34. fxe6+ Kxe6 $19) 33... Nxd6 34. exd6 {[%mdl 4096] Endgame KQR-KQB} Rc6 35. Bd4 $2 (35. Qe2 $17) 35... Rxd6 36. Qb4 Qa6 37. Kf2 Rd7 38. Be5 (38. Qb1 {only move.}) 38... Qa2 $19 39. Qb5 Qxc2+ 40. Kg3 Re7 {[#] Strongly threatening ...h4+!} 41. Bf6 $2 (41. Qa5) 41... Rc7 {...h4+! is the strong threat.} 42. Qa5 Qd3+ 43. Kg2 Qe4+ 44. Kg1 Qe3+ 45. Kg2 Qe2+ 46. Kg1 Qg4+ 47. Kh1 Qh3+ 48. Kg1 Qe3+ $2 (48... Qg3+ $19 49. Kh1 Qh3+ 50. Kg1 Qe3+ 51. Kh1 Qh3+) 49. Kh1 $2 {[%mdl 8192]} (49. Kg2 $11 Qe4+ 50. Kg1 Qe1+ 51. Kg2 Qe4+) 49... Qc5 {Black is clearly winning.} 50. Qa8 Rc8 51. Qxb7+ Qc7 52. Qb4 Rb8 53. Qa4 Qb7 {( -> ...Qb1+)} 54. Kh2 Ra8 55. Qc2 Qa7 {Precision: White = 25%, Black = 58%.} 0-1

[Event "20th Iraklio Open 2017"]
[Site "Athens"]
[Date "2017.06.19"]
[Round "3"]
[White "Tsiros, Fragkiskos Vlasios"]
[Black "Abelakiotis, Stavros"]
[Result "1/2-1/2"]
[WhiteElo "2163"]
[BlackElo "1861"]
[Annotator "TA"]
[PlyCount "66"]
[EventDate "2017.??.??"]
[EventType "swiss"]
[EventCountry "GRE"]
[SourceTitle "playchess.com"]
[Source "ChessBase"]
[SourceQuality "1"]

{[%evp 17,66,0,3,-3,20,31,40,27,42,40,48,-9,-7,-12,-24,-62,-61,-56,-26,-43,-27,-31,-33,-77,-85,-114,-93,-97,-97,-95,-91,-99,-99,-97,-104,-104,-101,-104,-107,-104,-102,-100,-92,-102,-96,-96,-75,-97,0,-104,-113]} 1. d4 Nf6 2. Nf3 e6 3. e3 b6 4. Bd3 Bb7 5. O-O Be7 6. c4 c5 7. Nc3 d5 8. cxd5 {E14: Queen's Indian: Classical Variation (4 e3)} Nxd5 9. Bb5+ Bc6 $1 {LiveBook: 5 Games} 10. Qa4 {The position is equal.} (10. Bxc6+ Nxc6 11. Qa4 Qd7 12. dxc5 Nxc3 13. bxc3 Bxc5 {½-½ (27) Grachev,B (2658)-Sanal,V (2533) Minsk 2017}) 10... Bxb5 (10... Qd7 $5 {[%cal Rd5c3]} 11. Bxc6 Qxc6 $11) 11. Nxb5 $146 {[#] Strongly threatening Nc7+.} ({Predecessor:} 11. Qxb5+ Qd7 12. Nxd5 exd5 13. Qe2 O-O 14. b3 Nc6 15. Bb2 Qe6 {½-½ (31) Kharitonov,A (2524)-Kachar,V (2299) Moscow 2010}) 11... O-O 12. dxc5 Bxc5 13. e4 Nc7 $1 14. Nxc7 (14. Nc3 $14) 14... Qxc7 $11 15. b4 Be7 16. Bb2 Qc4 17. a3 b5 18. Qd1 Qxe4 19. Re1 Qb7 20. Rc1 Nd7 {[%cal Bb8d7,Bd7f6,Bf6d5][%mdl 32]} 21. Qb3 Bf6 22. Bxf6 Nxf6 23. Ne5 Rac8 24. Qe3 Nd5 25. Qf3 Rc7 26. Nd3 Rfc8 27. Rxc7 Qxc7 28. g3 Qd6 29. Nc5 Qb6 30. Qg4 a5 31. Rd1 Nf6 32. Qd4 Nd5 (32... h6 $17 33. h4 Nd5) 33. Ra1 (33. Qg4 $1 $11 {was the only way to keep the balance.}) 33... h6 {Precision: White = 38%, Black = 71%.} 1/2-1/2

[Event "20th Iraklio Open 2017"]
[Site "Athens"]
[Date "2017.06.19"]
[Round "3"]
[White "Ergazakis, Ioannis"]
[Black "Spyropoulos, Nikolaos"]
[Result "1/2-1/2"]
[WhiteElo "2150"]
[BlackElo "2229"]
[Annotator "TA"]
[PlyCount "80"]
[EventDate "2017.??.??"]
[EventType "swiss"]
[EventCountry "GRE"]
[SourceTitle "playchess.com"]
[Source "ChessBase"]
[SourceQuality "1"]

{[%evp 24,80,0,0,31,24,43,19,19,19,47,15,32,27,34,0,0,0,0,0,8,0,0,0,0,-119,0,0,0,-4,0,0,0,-3,-9,-32,-2,-8,154,0,25,0,79,79,85,91,96,0,0,0,0,0,0,0,0,0,0,0,0]} 1. e4 e6 2. d4 d5 3. Nd2 c5 4. exd5 Qxd5 5. Ngf3 cxd4 6. Bc4 Qd8 7. O-O Nc6 8. Nb3 a6 {C07: French Tarrasch: 3...c5, 4 Ngf3 and 4 exd5 Qxd5} 9. Nbxd4 Nxd4 10. Nxd4 Bd6 (10... Qc7 11. Qe2 Bd6 12. g3 Ne7 13. Rd1 O-O 14. Nf3 b5 15. Bd3 Bb7 {½-½ (73) Karthikeyan,M (2585)-Ganguly,S (2653) Chengdu 2017}) 11. Qe2 Ne7 12. Rd1 Qc7 13. h3 $146 {LiveBook: 3 Games} ({Predecessor:} 13. Bg5 Bxh2+ 14. Kh1 Bf4 15. Bb5+ axb5 16. Nxb5 {1-0 (35) Acs,P (2440)-Tolnai,T (2450) Budapest 1996}) 13... e5 14. Nf3 {Ng5 is the strong threat.} O-O 15. Be3 b5 16. Bb3 Bb7 17. c4 {Threatens to win with c5!} (17. Ng5 {keeps more tension.} Qc6 18. f3 Rad8 19. c3 Nf5 20. Bf2) 17... Nf5 18. cxb5 axb5 19. Qxb5 Nxe3 20. fxe3 {Strongly threatening Ng5.} Bxf3 21. gxf3 Bc5 (21... e4 $5) 22. Qe2 e4 23. fxe4 Ra6 {And now ...Qg3+ would win.} 24. Qh2 {[#]} (24. Qxa6 $2 Qg3+ 25. Kf1 Qf3+ 26. Ke1 (26. Kg1 {is a self mate.} Bxe3+ 27. Kh2 Qf2+ 28. Kh1 Qf3+ 29. Kh2 Qf2+ 30. Kh1 Bf4 31. Rd2 Qxd2 32. Bxf7+ Kh8 33. Kg1 Qh2+ 34. Kf1 Be3 35. Qf6 gxf6 36. Ke1 Qf2+ 37. Kd1 Qd2#) 26... Bb4+ 27. Rd2 Qxe3+ 28. Qe2 Bxd2+ 29. Kf1 Qxh3+ 30. Qg2 Qe3 $17) (24. Kh1 $11 {remains equal.} Qg3 25. Qg4 Qxe3 26. Rac1) 24... Bxe3+ (24... Rg6+ $1 $17 25. Kh1 Qe7) 25. Kh1 $11 Bf4 26. Qf2 Bg3 (26... Rh6 $5 {[%cal Rh6h3]} 27. Rd3 Be5 $11) 27. Qg2 Rg6 28. Rd3 (28. Rac1 $5 {[%cal Rc1c7]} Qe7 29. Qf3 $11) 28... Be5 29. Qf2 Kh8 {[%mdl 1024] Black has compensation.} 30. Rad1 Bg3 $2 {[#]} (30... Rf6 $11 31. Qd2 Kg8) 31. Qg2 $2 ({Only move:} 31. Qxf7 $1 $16 {[%cal Rf7f8][%mdl 512]} Rf6 (31... Qxf7 32. Bxf7) 32. Qxc7 Bxc7 33. Rd7) 31... h6 (31... Be5 $5 {[%cal Rg6g2]} 32. Qd2 Rh6 $14) 32. Rd7 Qe5 (32... Qb8 $11) 33. Rxf7 $40 {[%mdl 128] Black is in trouble.} ({Don't play} 33. Bxf7 Rf6 $11) 33... Rxf7 34. Bxf7 Rf6 35. Rg1 ({White should play} 35. Rd8+ $16 Kh7 36. Bg8+ Kh8 37. Bb3+ Kh7 38. Bg8+ Kh8 39. Bb3+ Kh7 40. Bg8+) 35... Rf2 $11 {The position is equal.} 36. Qxg3 Qxe4+ 37. Rg2 {[%csl Gg2][%cal Rg3g7]} Rxf7 38. Kh2 h5 39. Qg6 Qe5+ 40. Qg3 Qe4 {Precision: White = 37%, Black = 51%.} 1/2-1/2

[Event "20th Iraklio Open 2017"]
[Site "Athens"]
[Date "2017.06.19"]
[Round "3"]
[White "Kordis, Konstantinos"]
[Black "Georgiev, Krum"]
[Result "0-1"]
[WhiteElo "2149"]
[BlackElo "2357"]
[Annotator "TA"]
[PlyCount "63"]
[EventDate "2017.??.??"]
[EventType "swiss"]
[EventCountry "GRE"]
[SourceTitle "playchess.com"]
[Source "ChessBase"]
[SourceQuality "1"]

{[%evp 17,63,0,12,-12,20,13,18,-19,-35,-20,-29,-31,-30,-89,-31,-31,0,-41,0,0,0,0,0,-2,29,-154,-159,-128,0,0,14,0,0,0,19,24,41,45,166,170,203,0,0,-79,-74,-95,-94,-496]} 1. e4 c5 2. Nf3 d6 3. d4 cxd4 4. Nxd4 Nf6 5. Nc3 a6 6. Be3 Nbd7 7. g4 d5 {B90: Sicilian Najdorf: Unusual White 6th moves, 6 Be3 Ng4 and 6 Be3 e5} (7... h6 8. Bg2 Ne5 9. h3 g5 10. Qe2 Bd7 11. O-O-O Rc8 12. Nd5 e6 13. f4 gxf4 14. Nxf4 Nc4 15. Nd3 e5 16. Nf5 Qa5 17. Kb1 Be6 18. Nc1 Qb5 19. c3 Bxf5 {0-1 (19) Molner,M (2509)-So,W (2755) ICC INT 2014}) 8. g5 Nxe4 9. Nxe4 dxe4 {LiveBook: 4 Games. The position is equal.} 10. Qd2 $146 ({Predecessor:} 10. Nb3 Qc7 11. Qd4 Ne5 12. Qxe4 Bd7 13. Nd4 g6 14. Bg2 Nc6 15. Nxc6 Bxc6 {½-½ (58) Slizhevsky,A (2452)-Nevostrujev,V (2488) Berdsk 2008}) 10... Qc7 11. O-O-O g6 12. h4 Bg7 13. h5 O-O 14. hxg6 hxg6 15. f4 {[#]} (15. Rh4 $11 {remains equal.}) 15... exf3 (15... Nb6 $1 $17 16. Rh4 (16. Qh2 Rd8 $17) 16... Bd7) 16. Nxf3 $15 Re8 17. Rh4 (17. Bd4 $5 {[%cal Rd4g7]} e5 18. Re1 $15 (18. Qh2 b6 $11)) 17... Nf8 18. Bd4 Bf5 {aiming for ...Rac8.} 19. Bxg7 Kxg7 20. Nd4 Rad8 {[%cal Ba8d8,Bd8d5,Bd5c5,Bc5c4][%mdl 32] [#] Hoping for ...e5.} 21. Bd3 $2 (21. Bc4 $11) 21... Bxd3 $17 22. Qxd3 Qe5 ({Better is} 22... e5 $17 23. Qg3 Qb6) 23. Rg1 $1 $11 Rd5 24. c4 $36 {[%mdl 2048] White fights for an advantage.} Rc8 {...b5 is the strong threat.} 25. Kb1 Rdc5 26. Re4 Qd6 27. Qh3 f5 (27... Rxc4 $14 28. Rh1 f6 29. Ne6+ Kf7 30. Rxc4 (30. Nxf8 Rc1+ 31. Rxc1 Rxc1+ 32. Kxc1 Qc6+ 33. Qc3 Qxe4 $11) 30... Rxc4 31. Nxf8 Rd4) 28. gxf6+ $1 $18 Qxf6 29. Rge1 $2 (29. Rf1 $18 Rh5 30. Qg2) 29... Rxc4 $11 30. Rxe7+ (30. a3 $11 {keeps the balance.} R8c7 31. Rf1) 30... Kg8 $17 31. R7e4 Rd8 32. Qe3 $2 {[%mdl 8192] Precision: White = 51%, Black = 38%.} (32. Qf3 $17 {is tougher.} Qxf3 33. Nxf3 Rd1+ 34. Rxd1 Rxe4 35. Rd6) 0-1

[Event "20th Iraklio Open 2017"]
[Site "Athens"]
[Date "2017.06.19"]
[Round "3"]
[White "Koutourinis, Apostolos"]
[Black "Bardis, Harilaos-Panagiotis"]
[Result "1-0"]
[WhiteElo "2041"]
[BlackElo "1797"]
[Annotator "NA RC"]
[PlyCount "47"]
[EventDate "2017.??.??"]
[EventType "swiss"]
[EventCountry "GRE"]
[SourceTitle "playchess.com"]
[Source "ChessBase"]
[SourceQuality "1"]
[TimeControl "40/5400+30:1800+30"]

1. e4 {[%emt 0:03:30]} e5 {[%emt 0:01:00]} 2. Nf3 {[%emt 0:00:30]} Nc6 {[%emt 0:00:00]} 3. Bc4 {[%emt 0:01:30]} Bc5 {[%emt 0:00:00]} 4. O-O {[%emt 0:00:00]} Nf6 {[%emt 0:00:00]} 5. d4 {[%emt 0:03:00]} Bxd4 {[%emt 0:02:00]} 6. Nxd4 {[%emt 0:01:30]} Nxd4 {[%emt 0:00:30]} 7. Bg5 {[%emt 0:00:30]} d6 {[%emt 0:01:30]} 8. f4 {[%emt 0:00:30] C50: Hungarian Defence and Giuoco Pianissimo} Be6 {[%emt 0:03:30]} (8... Qe7 9. Na3 Ne6 10. Bxf6 gxf6 11. f5 Nc5 12. Qe2 a5 13. Qe3 c6 14. Rad1 b5 15. Be2 Bb7 {0-1 (53) Devereaux,M (2374)-Antonsen,M (2458) Copenhagen 2016}) 9. Na3 {[%emt 0:00:30]} Bxc4 {[%emt 0:10:30]} 10. Nxc4 {[%emt 0:00:30]} Ne6 {[%emt 0:00:00]} 11. fxe5 {[%emt 0:13:30]} Nxg5 {[%emt 0:00:00]} 12. exf6 {[%emt 0:00:30]} gxf6 {[%emt 0:00:30]} 13. Qd4 $146 {[%emt 0:01:30]} ({Predecessor:} 13. Qd5 O-O 14. h4 Ne6 15. Rf2 c6 16. Qxd6 Qxd6 17. Nxd6 {1-0 (54) Karaklajic,N-Bouwmeester,H Amsterdam 1965}) 13... Ne6 {[%emt 0:05:30]} 14. Qc3 {[%emt 0:06:30]} Rg8 {[%emt 0:01:30]} 15. Rxf6 {[%emt 0:26:30]} Qe7 {[%emt 0:05:30]} 16. Raf1 {[%emt 0:01:30]} Rg7 {[%emt 0:00:30]} 17. Ne3 {[%emt 0:01:30]} Rg6 {[%emt 0:03:30]} 18. Rxe6 {[%emt 0:15:30]} Rxe6 {[%emt 0:08:30]} 19. Nd5 {[%emt 0:00:30]} Qf8 {[%emt 0:00:30]} 20. Nxc7+ {[%emt 0:00:30]} Kd7 {[%emt 0:00:30]} 21. Nxa8 {[%emt 0:01:22]} Qxa8 {[%emt 0:00:30]} 22. Rxf7+ {[%emt 0:00:08]} Re7 {[%emt 0:00:30]} 23. Qh3+ {[%emt 0:02:15]} Ke8 {[%emt 0:00:30]} 24. Rxh7 $18 {[%emt 0:00:34]} 1-0

[Event "20th Iraklio Open 2017"]
[Site "Athens"]
[Date "2017.06.19"]
[Round "3"]
[White "Koerant, Filipos"]
[Black "Papadimitriou, Loukas"]
[Result "0-1"]
[WhiteElo "1872"]
[BlackElo "2059"]
[Annotator "NA RC"]
[PlyCount "82"]
[EventDate "2017.??.??"]
[EventType "swiss"]
[EventCountry "GRE"]
[SourceTitle "playchess.com"]
[Source "ChessBase"]
[SourceQuality "1"]
[TimeControl "40/5400+30:1800+30"]

1. d4 {[%emt 0:15:30]} Nf6 {[%emt 0:01:00]} 2. c4 {[%emt 0:00:30]} e6 {[%emt 0:02:30]} 3. Nc3 {[%emt 0:01:30]} Bb4 {[%emt 0:00:00]} 4. Qc2 {[%emt 0:00:00]} Nc6 {[%emt 0:02:00]} 5. Nf3 {[%emt 0:00:00]} d6 {[%emt 0:00:30]} 6. Bd2 {[%emt 0:00:30]} O-O {[%emt 0:00:30]} 7. a3 {[%emt 0:00:00]} Bxc3 {[%emt 0:00:30]} 8. Bxc3 {[%emt 0:00:00]} Qe7 {[%emt 0:00:30]} 9. e4 {[%emt 0:02:30] E33: Nimzo-Indian: Classical: 4...Nc6} (9. e3 a5 10. b3 e5 11. Be2 Bg4 12. O-O e4 13. Ne1 Bxe2 14. Qxe2 d5 15. Nc2 Qe6 16. c5 h5 17. b4 a4 {1-0 (48) Fridman,D (2639)-Kovalenko,I (2702) Liepaja 2015}) 9... e5 {[%emt 0:00:00]} 10. d5 {[%emt 0:00:00]} Nb8 {[%emt 0:04:00]} 11. Be2 {[%emt 0:02:00]} a5 {[%emt 0:06:30]} 12. b4 {[%emt 0:07:30]} b6 {[%emt 0:09:30]} 13. O-O {[%emt 0:00:30]} g6 $146 {[%emt 0:04:30]} ({Predecessor:} 13... Nbd7 14. Nd2 Bb7 {1-0 (45) Masse,H (2249)-Leclerc,H (1852) Quebec 2004}) 14. Nd2 {[%emt 0:01:30]} Nbd7 {[%emt 0:03:30]} 15. g3 {[%emt 0:03:30]} Nh5 {[%emt 0:05:30]} 16. Bxh5 {[%emt 0:00:30]} gxh5 {[%emt 0:00:00]} 17. f4 {[%emt 0:01:30]} h4 {[%emt 0:00:00]} 18. Nf3 {[%emt 0:01:30]} hxg3 {[%emt 0:00:30]} 19. fxe5 {[%emt 0:06:30]} Nxe5 {[%emt 0:00:30]} 20. Nxe5 {[%emt 0:02:30]} dxe5 {[%emt 0:00:30]} 21. Rf3 {[%emt 0:05:30]} Kh8 {[%emt 0:04:30]} 22. Rxg3 {[%emt 0:03:30]} Rg8 {[%emt 0:00:30]} 23. Rxg8+ {[%emt 0:01:30]} Kxg8 {[%emt 0:00:30]} 24. Qg2+ {[%emt 0:07:30]} Kh8 {[%emt 0:00:30]} 25. Rf1 {[%emt 0:01:30]} f6 {[%emt 0:00:30]} 26. Qf3 {[%emt 0:03:30]} axb4 {[%emt 0:04:30]} 27. Bxb4 {[%emt 0:01:30]} Qg7+ {[%emt 0:00:30]} 28. Kh1 {[%emt 0:01:30]} Ba6 {[%emt 0:02:30]} 29. Rg1 {[%emt 0:01:30]} Qf7 $1 {[%emt 0:00:30]} 30. Bc3 {[%emt 0:02:30]} Rg8 {[%emt 0:02:30]} 31. Rf1 {[%emt 0:11:41]} (31. Bxe5 $1 $14 Rxg1+ 32. Kxg1) 31... Rg5 {[%emt 0:02:30]} 32. Qxf6+ {[%emt 0:03:58]} Qxf6 {[%emt 0:00:30]} 33. Rxf6 {[%emt 0:00:12]} Bxc4 {[%emt 0:00:00]} 34. Re6 {[%emt 0:01:36]} Kg8 {[%emt 0:05:00]} 35. Bxe5 {[%emt 0:04:46]} c5 {[%emt 0:03:30] [#]} (35... b5 $11 {keeps the balance.}) 36. Bg3 {[%emt 0:02:17]} ({White should play} 36. Re7 $1 $16) 36... Rxd5 $1 {[%emt 0:00:30]} 37. Rxb6 {[%emt 0:01:07]} Rd2 {[%emt 0:03:30]} 38. Rf6 {[%emt 0:02:38]} Bd3 {[%emt 0:00:30]} 39. e5 {[%emt 0:00:35]} c4 {[%emt 0:00:30]} 40. Rf2 $2 {[%emt 0:02:14]} (40. Bf4 $11 Rf2 41. Kg1 Rf1+ 42. Kg2) 40... c3 {[%emt 0:30:30]} 41. e6 {[%emt 0:30:53] [#]} c2 {[%emt 0:00:30]} 0-1

[Event "20th Iraklio Open 2017"]
[Site "Athens"]
[Date "2017.06.19"]
[Round "3"]
[White "Lagos, Hristos"]
[Black "Korniotis, Filippos"]
[Result "*"]
[WhiteElo "1847"]
[BlackElo "2143"]
[Annotator "TA"]
[PlyCount "47"]
[EventDate "2017.??.??"]
[EventType "swiss"]
[EventCountry "GRE"]
[SourceTitle "playchess.com"]
[Source "ChessBase"]
[SourceQuality "1"]

{[%evp 18,25,51,42,89,62,82,41,52,14]} 1. e4 e6 2. d4 d5 3. Nd2 Nf6 4. e5 Nfd7 5. Bd3 c5 6. c3 Nc6 7. Ngf3 Qb6 8. O-O cxd4 9. cxd4 Be7 10. Nb3 {LiveBook: 30 Games} f6 {C06: French Tarrasch: 3...Nf6 4 e5 Nfd7 5 Bd3 main lines} (10... a5 11. a4 Nb4 12. Bb5 O-O 13. Bg5 Qd8 14. Bxe7 Qxe7 15. Rc1 Nb6 16. Nc5 Rb8 17. Qe2 Rd8 18. b3 Nd7 19. Nd3 Nf8 20. Qd2 Nxd3 21. Bxd3 b6 22. Rc3 Bb7 23. Rfc1 Rdc8 24. Rxc8 Rxc8 {½-½ (24) Naroditsky,D (2486)-Rozentalis,E (2600) Montreal 2012}) 11. Re1 O-O 12. exf6 Nxf6 13. Ne5 {Predecessor:} Nxe5 $146 14. dxe5 Ng4 15. Be3 Nxe3 16. Rxe3 Rf7 17. Qh5 g6 18. Bxg6 hxg6 19. Qxg6+ Rg7 20. Qe8+ Bf8 21. Rc1 d4 22. Rf3 Qb4 23. Nc5 Qd2 24. Rxf8+ {1-0 (24) Vega Jimenez,K (1664)-Kurochkina,E (1797) Tromsoe 2014} *